000 00653nam a2200217 i 4500
001 bg
100 1 _aFEDOROWICZ, Zdzisław
_d(1922-2007).
245 1 0 _aMechanizm ekonomiczno-finansowy sterowania jednostkami gospodarczymi /
_cZdzisław Fedorowicz.
250 _aWyd. 3 zm.
260 _aWarszawa :
_bPańst. Wydaw. Ekonomiczne,
_c1980.
300 _a334, [1] ;
_c21 cm.
650 9 _aGospodarka
_xpolityka
650 9 _aPrzedsiębiorstwo
_xfinanse
020 _a832080745X
040 _cBPK
041 0 _apl
080 _a338.244:336.6:658.14/.17::66/69
920 _a83-208-0745-X
942 _cKS
008 s pl f |000 0 pol
999 _c30941
_d30941
856 _uhttp://koha.tu.koszalin.pl/cgi-bin/koha/opac-detail.pl?biblionumber=30941
_yKatalog online BPK